| 000 | 00699nam a22001935i 4500 | ||
|---|---|---|---|
| 001 | 159751 | ||
| 003 | ES-MaACL | ||
| 005 | 20250818071043.0 | ||
| 008 | 011017s1869 fr |||| | fre d | ||
| 040 |
_aCAM _bspa _cCAM |
||
| 100 | 1 |
_aMiranda, Angel de. _9129974 |
|
| 245 | 1 | 2 |
_aL'oeuvre de la révolution espagnole _b: gouvernement provisoire et cortes constituantes / _cAngel de Miranda. |
| 260 |
_aParis : _b[s.n.], _c1869 ( _fImprimerie de Georges Kugelmann) |
||
| 300 |
_a213 p. ; _c24 cm. |
||
| 650 | 4 |
_aRevoluciones- _zEspaña- _yS.XIX _916900 |
|
| 651 | 4 |
_aEspaña- _xHistoria- _z1843-1868, Isabel II _98256 |
|
| 852 |
_aES-MaACL _jG-9575 _z-- Enc. hol. |
||
| 999 |
_c159751 _d159751 |
||